Reklamný trh ´05/´06 očami odborníkov
Analýza reklamného trhu, vývoj výdavkov na reklamu v jednotlivých mediatypoch podľa ich najvýznamnejších predstaviteľov. Reklamný trh v roku 2005 vzrástol o 11 percent. Televízia, out of home, tlač, rádiá, online z pohľadu reklamy. Prognózy na rok 2006.
Saved in:
| Format: | Book Chapter |
|---|---|
| Language: | Slovak |
| Subjects: | |
| Tags: |
No Tags, Be the first to tag this record!
|
MARC
| LEADER | 00000naa$a2200000$$$4500 | ||
|---|---|---|---|
| 001 | 0040643 | ||
| 005 | 20231107124129.1 | ||
| 041 | 0 | |a slo | |
| 044 | |a SK | ||
| 245 | 1 | 0 | |a Reklamný trh ´05/´06 očami odborníkov |
| 520 | |a Analýza reklamného trhu, vývoj výdavkov na reklamu v jednotlivých mediatypoch podľa ich najvýznamnejších predstaviteľov. Reklamný trh v roku 2005 vzrástol o 11 percent. Televízia, out of home, tlač, rádiá, online z pohľadu reklamy. Prognózy na rok 2006. | ||
| 610 | 2 | 0 | |a trh reklamný |
| 610 | 2 | 0 | |a reklama |
| 610 | 2 | 0 | |a výdavky |
| 610 | 2 | 0 | |a médiá |
| 610 | 2 | 0 | |a televízia |
| 610 | 2 | 0 | |a reklama vonkajšia |
| 610 | 2 | 0 | |a tlač |
| 610 | 2 | 0 | |a rozhlas |
| 610 | 2 | 0 | |a internet |
| 610 | 2 | 0 | |a Slovensko |
| 610 | 2 | 0 | |a 2005-2006 |